000 00671nam a2200289Ia 4500
005 20260324150128.0
008 008 260324s9999 xx 000 0 eng d
020 _a9781315034577
037 _aEBOOK
040 _aCRL
040 _beng
040 _cCRL
041 _2eng
041 _aeng
084 _qCRL
100 _aRobert Montagne
_91225354
245 4 _aThe Berbers
245 0 _bTheir Social and Political Organisation
260 _bTaylor and Francis
260 _c1973
365 _a
365 _b300
856 _uhttp://www.taylorfrancis.com/books/9781315034577
942 _cEBOOK
999 _c1834289
_d1834289